Origine des plantes cultivees
Wedi'i Gadw mewn:
| Prif Awdur: | |
|---|---|
| Fformat: | Llyfr |
| Iaith: | Undetermined |
| Cyhoeddwyd: |
Paris
G. Baillière
1883
|
| Pynciau: | |
| Tagiau: |
Ychwanegu Tag
Dim Tagiau, Byddwch y cyntaf i dagio'r cofnod hwn!
|
| Thư viện lưu trữ: | Trung tâm Học liệu Trường Đại học Cần Thơ |
|---|
| LEADER | 00497nam a2200181Ia 4500 | ||
|---|---|---|---|
| 001 | CTU_168070 | ||
| 008 | 210402s9999 xx 000 0 und d | ||
| 082 | |a 580.7 | ||
| 082 | |b C219 | ||
| 100 | |a Candolle, Alphonse de | ||
| 245 | 0 | |a Origine des plantes cultivees | |
| 245 | 0 | |c Alphonse de Candolle | |
| 260 | |a Paris | ||
| 260 | |b G. Baillière | ||
| 260 | |c 1883 | ||
| 650 | |a Botany, economic,Plants, cultivated | ||
| 904 | |i Giang | ||
| 980 | |a Trung tâm Học liệu Trường Đại học Cần Thơ | ||